Педагогический репертуар аккордеониста (Запис номер 366031)
[ съкратено ]
| 000 -Лидер | |
|---|---|
| Контролно поле с фиксирана дължина | ncm a22 a 4500 |
| 003 - Код на организацията, давaща контролен номер | |
| Контролно поле | BLK |
| 005 - Дата и час на последна редакция | |
| Контролно поле | 20200603112343.0 |
| 008 - Елементи от данни с фиксирана дължина | |
| fixed length control field | 200603b bu ||||| |||| 00| 0 bu d |
| 040 ## - Източник на каталожния запис | |
| Идентификатор на билиотеката - собственик на записа | BLK |
| 041 ## - Код за език | |
| Код за езика на текст/звукозапис или на отделно заглавие | Руски |
| Код за езика КДБФ | Руски |
| 080 ## - УДК | |
| Текстов определител УДК | Музика за акордеон |
| УДК код - определител по УДК | 786.8 |
| УДК - код + определител | 786.8 |
| 139 ## - Редно поле | |
| Редна дума | Педагогический репертуар аккордеониста. 1-2 классы детских музыкальных школ |
| Авторски знак | Пе - П 32 |
| 245 ## - Сведения за заглавието | |
| Заглавие | Педагогический репертуар аккордеониста |
| Подзаглавни данни | 1-2 классы детских музыкальных школ |
| Редно поле (дума) | Състав. и ред. В. Алехина и В. Грачева |
| Том | Выпуск 5 |
| 260 ## - Област на издателските данни | |
| 9 (RLIN) | 402764 |
| Място на издаване, разпространение и проч. | Москва |
| Име на издателя, разпространителя и проч. | Музыка |
| Година на издаване | 1975 |
| 300 ## - Физическа характеристика | |
| Страници | 43 с. |
| Размери/Мащаб | 30 см |
| 380 ## - Жанр | |
| Жанр | Изкуство |
| 490 ## - СЕРИИ (Колекции) | |
| 9 (RLIN) | 208671 |
| Име на серия | Педагогический репертуар |
| 650 #7 - Допълнително описание по предмет – тема | |
| 9 (RLIN) | 146646 |
| Основно описание – тема или топоним | Акордеон |
| 653 #7 - Ключова дума – ненормативна | |
| 9 (RLIN) | 180518 |
| Ключова дума | акордеон |
| 700 ## - Други автори (авторска отговорност) | |
| 9 (RLIN) | 1529 |
| Лично име | Алехина, В. |
| Автороска отговорност (Описва отношението между автора и произведението) | състав. и ред. |
| 700 ## - Други автори (авторска отговорност) | |
| 9 (RLIN) | 1529 |
| Лично име | Грачева, В. |
| Автороска отговорност (Описва отношението между автора и произведението) | състав. и ред. |
| 852 ## - Местоположение | |
| Форматна сигнатура | Цб М ІІ 7065 |
| 999 ## - СИСТЕМНИ КОНТРОЛНИ НОМЕРА | |
| Koha biblionumber | 366031 |
| Koha biblioitemnumber | 366031 |
| 942 ## - АРТИКУЛИ | |
| Вид на библиотечния материал | Нотни издания |
| Скрит в OPAC | Не |
| Периодичен библиозапис | Да |
| 944 ## - СЪЗДАВАНЕ И РЕДАКЦИЯ на ЗАПИСА | |
| Създаване/Редакция | Създаване |
| Дата на регистрацията/редакция | 2020-06-03 |
| Служител, извършил регистрацията/редакцията | Моника Янева |
| Статус, дата на статуса | 2020-06-03 |
| 999 ## - СИСТЕМНИ КОНТРОЛНИ НОМЕРА | |
| Koha biblioitemnumber | 366029 |
| Код за отписване | Код за изгубен артикул | Източник на класификационната схема | Код за повреда | Коз за рестрикции | Код за отдаване | Артикулен № | Име на библиотеката - собственик | Име на библиотеката, в която се намира в момента | Статус (Текущо местоположение) | Дата на вписване в системата | Местоположение - отдел | Цена в лева | Инвентарен номер | Систематично азбучна сигнатура | Баркод | Цена в евро | Служебен тип на артикула |
|---|---|---|---|---|---|---|---|---|---|---|---|---|---|---|---|---|---|
| Не е изгубен | Universal Decimal Classification | Не е повреден | само за читалня | ползва се в читалня | 774104 | Регионална библиотека "Любен Каравелов" Русе | Регионална библиотека "Любен Каравелов" Русе | Хранилище | 2020-06-04 | Хранилище | 0.43 | 200264 | Цб М II 7065 | 900000016840 | 0.22 | Нотни издания |